Parcours Tour de France 2024 - Statistiques

Statistiques générales
  • Ce quiz a été pris 64 fois
  • Le résultat moyen est 11 sur 21
Statistiques - réponses
étapes Départ Arrivé % Correct
21 Monaco Nice
95%
9 Troyes Troyes
86%
3 Plaisance Turin
79%
13 Agen Pau
70%
4 Pinerolo Valloire
64%
6 Mâcon Dijon
63%
2 Cesenatico Bologne
61%
19 Embrun Isola 2000
61%
1 Florence Rimini
59%
16 Gruissan Nîmes
50%
8 Semur-en-Auxois Colombey-les-Deux-Églises
48%
20 Nice Col de la Couillole
46%
15 Loudenvielle Plateau de Beille
45%
18 Gap Barcelonette
41%
14 Pau Saint-Lary-Soulan
41%
11 Évaux-les-Bains Le Lioran
39%
12 Aurillac Villeneuve-sur-Lot
39%
17 Saint-Paul-Trois-Chateau Superdévoluy
34%
5 Saint-Jean-de-Maurienne Saint-Vulbas
30%
10 Orléans Saint-Amand-Montrond
29%
7 Nuit-Saints-Georges Gevrey-Chambertin
25%
Aucun quiz correspondant
Distribution des résultats
% des personnes avec chaque résultat
Percentile par nombre de réponses
Votre historique - résultats
Vous n’avez pas pris ce quiz